|
|
|
|
| LEADER |
00000nab a2200000 ar4500 |
| 001 |
vtls008954958 |
| 003 |
SK-MaSNL |
| 005 |
20260303070333.0 |
| 008 |
070313c2006 xo qr|p|||||||000 b|slo |
| 015 |
|
|
|a SNBRB2007/03
|
| 038 |
|
|
|a SNKBUCL
|
| 040 |
|
|
|a SNKBUCL
|b slo
|e AACR2
|c SNKBUCL
|
| 041 |
0 |
|
|a slo
|
| 044 |
|
|
|a xo
|c SK
|
| 080 |
|
|
|a 37
|2 1997
|
| 080 |
|
|
|a 352/354
|2 1997
|
| 080 |
|
|
|a 340.13
|2 1997
|
| 245 |
0 |
0 |
|a Zákon o štátnej správe v školstve
|
| 650 |
0 |
7 |
|a školstvo
|2 snkbucl
|9 19712
|
| 650 |
0 |
7 |
|a štátna správa
|2 snkbucl
|9 1539
|
| 650 |
0 |
7 |
|a zákony
|2 snkbucl
|9 1156
|
| 773 |
0 |
|
|t Škola
|g Roč. XI, č. 6 (2006), s. 32-51
|x 1335-1796
|
| 852 |
|
|
|a SNK
|b KIS3GCP
|
| 958 |
|
|
|a SK
|
| 999 |
|
|
|c 1754935
|d 1756865
|